| 000 | 00494nam a2200181Ia 4500 | ||
|---|---|---|---|
| 005 | 20250326125257.0 | ||
| 008 | 250326s9999 xx 000 0 und d | ||
| 037 | _aTextbook | ||
| 040 |
_aFMSL _beng _cFMSL |
||
| 041 |
_aeng _2eng |
||
| 084 |
_aX65:8E L5;1 _qFMSL |
||
| 100 |
_aBierman H _9319819 |
||
| 245 | 0 |
_aCapital budgeting decision _cBierman H; Smidt S |
|
| 260 |
_aNY _bNY, Macmillan _c1975 |
||
| 300 | _a463p | ||
| 942 |
_cTB _hX65:8E L5;1 |
||
| 999 |
_c1277315 _d1277315 |
||